| 000 | 01162nam0a22002531 4500 | ||
|---|---|---|---|
| 001 | rc\501566 | ||
| 005 | 20250621111028.0 | ||
| 035 | _a(NLR Aleph) 005742540 | ||
| 090 |
_a4754356 _c4754356 |
||
| 100 | _a20030616d1987 |||y0rusy50 ca | ||
| 101 | 0 | _arus | |
| 102 | _aRU | ||
| 105 | _ay ||||||||| | ||
| 200 | 1 |
_aВопросы методического обеспечения автоматизированного обучающего курса по марксистско-ленинской философии _f[З.О. Джалиашвили, к. т. н. и др.] |
|
| 210 |
_aМ. _cНИИВШ _d1987 |
||
| 215 |
_a52 с. _d20 |
||
| 225 | 1 |
_aКоммунистическое воспитание в высшей и средней специальной школе _eОбзор. информ. _fНИИ пробл. высш. школы _vВып. 2 |
|
| 300 | _aВ надзаг. также: М-во высш. и сред. спец. образования СССР | ||
| 702 | 1 |
_aДжалиашвили _bЗ.О. _gЗураб Отарович _4220 |
|
| 801 | 0 |
_aRU _bNLR _gpsbo |
|
| 801 | 1 |
_aRU _bELAR _2rusmarc |
|
| 852 |
_aNLR _jП28/1367 |
||
| 942 | _cBOOK | ||
| 980 | _aNB | ||